<?xml version="1.0" encoding="UTF-8"?>
<record
    xmlns:xsi="http://www.w3.org/2001/XMLSchema-instance"
    xsi:schemaLocation="http://www.loc.gov/MARC21/slim http://www.loc.gov/standards/marcxml/schema/MARC21slim.xsd"
    xmlns="http://www.loc.gov/MARC21/slim">

  <leader>01808    a2200277   4500</leader>
  <controlfield tag="003">Nust</controlfield>
  <controlfield tag="005">20170207154031.0</controlfield>
  <datafield tag="020" ind1=" " ind2=" ">
    <subfield code="a">0-201-70842-6</subfield>
  </datafield>
  <datafield tag="040" ind1=" " ind2=" ">
    <subfield code="c">Nust</subfield>
  </datafield>
  <datafield tag="082" ind1=" " ind2=" ">
    <subfield code="a">005.1</subfield>
  </datafield>
  <datafield tag="100" ind1="1" ind2=" ">
    <subfield code="a">Jeffries, Ron</subfield>
  </datafield>
  <datafield tag="245" ind1="1" ind2="0">
    <subfield code="a">Extreme programming installed-(E-BOOK)</subfield>
    <subfield code="c">Ron Jeffries, Ann Anderson, Chet Hendrickson</subfield>
  </datafield>
  <datafield tag="260" ind1=" " ind2=" ">
    <subfield code="a">Boston, Mass. :</subfield>
    <subfield code="b">Addison-Wesley,</subfield>
    <subfield code="c">cop. 2001</subfield>
  </datafield>
  <datafield tag="300" ind1=" " ind2=" ">
    <subfield code="a">xx, 265 s. :</subfield>
    <subfield code="b">ill. ;</subfield>
    <subfield code="c">24 cm</subfield>
  </datafield>
  <datafield tag="490" ind1="0" ind2=" ">
    <subfield code="a">XP series</subfield>
  </datafield>
  <datafield tag="505" ind1=" " ind2=" ">
    <subfield code="a">1. Extreme Programming.  2. The Circle of Life.  3. On-Site Customer.  4. User Stories.  5. Acceptance Tests.  Sidebar: Acceptance Test Samples.  6. Story Estimation.  Interlude: Sense of Completion.  7. Small Releases.  8. Customer Defines Release.  9. Iteration Planning.  10. Quick Design Session.  11. Programming.  Sidebar: Code Quality.  12. Pair Programming.  13. Unit Tests.  Sidebar: xUnit.  14. Test First, by Intention.  15. Releasing Changes.  16. Do or Do Not.  17. Experience Improves Estimates.  18. Resources, Scope, Quality, Time.  19. Steering.  20. Steering the Iteration.  21. Steering the Release.  22. Handling Defects.  Sidebar: Advanced Issue: Defect Databases.  Sidebar: Advanced Practice: Tests as Database.  23. Conclusion.  Bonus Tracks.  24. We'll Try.  25. How to Estimate Anything.  26. Infrastructure.  27. It's Chet's Fault.  28. Balancing Hopes and Fears.  29. Testing Improves Code.  30. XPer Tries Java.  31. A Java Perspective.  32. A True Story.  33. Estimates and Promises.  34. Everything That Could Possibly Break. </subfield>
  </datafield>
  <datafield tag="650" ind1=" " ind2="7">
    <subfield code="a">Computer software</subfield>
    <subfield code="x">Development</subfield>
  </datafield>
  <datafield tag="650" ind1=" " ind2="7">
    <subfield code="a">Programmering</subfield>
  </datafield>
  <datafield tag="650" ind1=" " ind2="7">
    <subfield code="a">Programspr&#xFFFD;k</subfield>
  </datafield>
  <datafield tag="650" ind1=" " ind2="7">
    <subfield code="a">Programutveckling</subfield>
  </datafield>
  <datafield tag="650" ind1=" " ind2="7">
    <subfield code="a">Programvaruutveckling</subfield>
  </datafield>
  <datafield tag="650" ind1=" " ind2="7">
    <subfield code="a">Software engineering</subfield>
  </datafield>
  <datafield tag="651" ind1=" " ind2=" ">
    <subfield code="a">E-BOOK</subfield>
  </datafield>
  <datafield tag="700" ind1="1" ind2=" ">
    <subfield code="a">Anderson, Ann</subfield>
  </datafield>
  <datafield tag="700" ind1="1" ind2=" ">
    <subfield code="a">Hendrickson, Chet</subfield>
  </datafield>
  <datafield tag="942" ind1=" " ind2=" ">
    <subfield code="2">ddc</subfield>
    <subfield code="c">BK</subfield>
  </datafield>
  <datafield tag="999" ind1=" " ind2=" ">
    <subfield code="c">192142</subfield>
    <subfield code="d">192142</subfield>
  </datafield>
  <datafield tag="952" ind1=" " ind2=" ">
    <subfield code="0">0</subfield>
    <subfield code="1">0</subfield>
    <subfield code="2">ddc</subfield>
    <subfield code="4">0</subfield>
    <subfield code="7">0</subfield>
    <subfield code="8">NFIC</subfield>
    <subfield code="a">MCS</subfield>
    <subfield code="b">MCS</subfield>
    <subfield code="d">2016-12-12</subfield>
    <subfield code="l">0</subfield>
    <subfield code="o">005.1   JEF</subfield>
    <subfield code="p">MCSEB-1376</subfield>
    <subfield code="r">2016-12-08</subfield>
    <subfield code="w">2016-12-12</subfield>
    <subfield code="y">BK</subfield>
  </datafield>
</record>
